[Event "SVK-ch U16"]
[Site "Stara Lubovna"]
[Date "2014.04.12"]
[Round "9"]
[White "Jadron, Jozef"]
[Black "Janosik, Juraj"]
[Result "0-1"]
[WhiteElo "1327"]
[BlackElo "1000"]
[PlyCount "82"]
[EventDate "2014.04.05"]
[EventType "swiss"]
[EventRounds "9"]
[EventCountry "SVK"]
[SourceTitle "EXT 2016"]
[Source "ChessBase"]
[SourceDate "2015.10.08"]
[SourceVersion "1"]
[SourceVersionDate "2015.10.08"]
[SourceQuality "1"]

1. e4 c5 2. Nf3 Nc6 3. d4 cxd4 4. Nxd4 g6 5. c3 Bg7 6. Nf3 e6 7. Bd3 Nge7 8. 0-0 0-0 9. Be3 d5 10. exd5 Nxd5 11. Re1 b6 12. Qc2 Nxe3 13. Rxe3 Bb7 14. Nbd2 Qd6 15. Nc4 Qd5 16. Rd1 Rad8 17. b3 e5 18. Rd2 Qe6 19. Ng5 Qe7 20. Ne4 Bh6 21. Rde2 Bxe3 22. Rxe3 f5 23. Ned6 Rxd6 24. Nxd6 Qxd6 25. f3 Qc5 26. Qf2 f4 27. Bc4+ Kg7 28. Re2 Qxf2+ 29. Kxf2 Rd8 30. g3 g5 31. Bb5 a6 32. Bxc6 Bxc6 33. Rxe5 Rd2+ 34. Kg1 Bxf3 35. Rxg5+ Kf6 36. gxf4 Rxa2 37. Re5 Rg2+ 38. Kf1 Bb7 39. b4 Rxh2 40. b5 axb5 41. Rxb5 Ba6 0-1

[Event "SVK-ch U16"]
[Site "Stara Lubovna"]
[Date "2014.04.07"]
[Round "3"]
[White "Janosik, Juraj"]
[Black "Macko, Peter"]
[Result "0-1"]
[WhiteElo "1000"]
[BlackElo "1672"]
[PlyCount "66"]
[EventDate "2014.04.05"]
[EventType "swiss"]
[EventRounds "9"]
[EventCountry "SVK"]
[SourceTitle "EXT 2016"]
[Source "ChessBase"]
[SourceDate "2015.10.08"]
[SourceVersion "1"]
[SourceVersionDate "2015.10.08"]
[SourceQuality "1"]

1. c4 e5 2. Nc3 Nc6 3. g3 f5 4. Bg2 Nf6 5. d3 Bc5 6. Nf3 d6 7. 0-0 0-0 8. Na4 Bb6 9. Qb3 Kh8 10. Nxb6 axb6 11. Qc2 Qe8 12. Re1 Qh5 13. h3 f4 14. g4 Nxg4 15. hxg4 Bxg4 16. Nh2 Rf6 17. Nxg4 Qxg4 18. f3 Qg3 19. Rf1 Nd4 20. Qd1 Rg6 21. Rf2 Nf5 22. Qf1 Ne3 23. Bxe3 fxe3 24. a3 Rh6 25. Qe1 exf2+ 26. Qxf2 Rh1+ 27. Kxh1 Qxf2 28. Rf1 Qe3 29. f4 Rf8 30. fxe5 Rxf1+ 31. Bxf1 dxe5 32. Bg2 g5 33. Bxb7 g4 0-1